LEADER 01163nam 2200361 450 001 9910702652103321 005 20141007135349.0 035 $a(CKB)5470000002429668 035 $a(OCoLC)892488946 035 $a(EXLCZ)995470000002429668 100 $a20141007d2014 ua 0 101 0 $aeng 135 $aurmn||||||||| 181 $2rdacontent 182 $2rdamedia 183 $2rdacarrier 200 00$aWhat you need to know about Ebola 210 1$a[Atlanta, Ga.] :$cDepartment of Health & Human Services, Centers for Disease Control and Prevention,$d[2014?] 215 $a1 online resource (2 pages) $ccolor illustrations 300 $aTitle from title screen (viewed Oct. 7, 2014). 300 $a"CS251367B." 517 3 $aEbola 606 $aEbola virus disease$zAfrica, West 606 $aEbola virus disease$xTransmission 615 0$aEbola virus disease 615 0$aEbola virus disease$xTransmission. 712 02$aCenters for Disease Control and Prevention (U.S.), 801 0$bGPO 801 1$bGPO 906 $aBOOK 912 $a9910702652103321 996 $aWhat you need to know about Ebola$93116524 997 $aUNINA